Ant colony optimization and swarm intelligence : 4th international workshop, ANTS 2004, Brussels, Belgium, September 5-8, 2004 : proceedings /

Bibliographic Details
Corporate Authors: ANTS (Conference : Swarm intelligence) Brussels, Belgium), NetLibrary, Inc
Other Authors: Dorigo, Marco
Format: Conference Proceeding eBook
Language:English
Published: Berlin ; New York : Springer, 2004.
Series:Lecture notes in computer science. 3172.
Subjects:
Online Access:Connect to the full text of this electronic book

MARC

Tag First Indicator Second Indicator Subfields
LEADER 00000cam a2200000Ia 4500
001 in00002118900
005 20190326103945.0
006 m d
007 cr cnu---unuuu
008 050812s2004 gw a sb 101 0 eng d
020 |a 3540286462 (electronic bk.) 
035 |a (OCoLC)ocm61256637 
040 |a N$T  |c N$T  |d UtOrBLW 
049 |a IICN 
050 1 4 |a QA402.5  |b .A475 2004eb 
082 0 4 |a 519.6  |2 22 
111 2 |a ANTS (Conference : Swarm intelligence)  |n (4th :  |d 2004 :  |c Brussels, Belgium) 
245 1 0 |a Ant colony optimization and swarm intelligence :  |b 4th international workshop, ANTS 2004, Brussels, Belgium, September 5-8, 2004 : proceedings /  |c Marco Dorigo [and others] (eds.). 
246 3 0 |a ANTS 2004 
264 1 |a Berlin ;  |a New York :  |b Springer,  |c 2004. 
300 |a xii, 434 pages :  |b illustrations ;  |c 24 cm. 
336 |a text  |b txt  |2 rdacontent 
337 |a computer  |b c  |2 rdamedia 
338 |a online resource  |b cr  |2 rdacarrier 
490 1 |a Lecture notes in computer science,  |x 0302-9743 ;  |v 3172 
504 |a Includes bibliographical references and index. 
530 |a Also issued online. 
533 |a Electronic reproduction.  |b Boulder, Colo. :  |c NetLibrary,  |d 2005.  |n Available via World Wide Web.  |n Access may be limited to NetLibrary affiliated libraries. 
500 |a Electronic resource. 
650 0 |a Ant algorithms  |v Congresses. 
655 7 |a Electronic books.  |2 local 
700 1 |a Dorigo, Marco. 
710 2 |a NetLibrary, Inc. 
776 1 |c Original  |z 3540226729  |w (DLC) 2004109777  |w (OCoLC)56386210 
830 0 |a Lecture notes in computer science.  |x 0302-9743 ;  |v 3172. 
856 4 0 |u http://proxy.library.tamu.edu/login?url=http://www.netLibrary.com/urlapi.asp?action=summary&v=1&bookid=136278  |z Connect to the full text of this electronic book  |t 0 
994 |a 92  |b IIC 
999 |a MARS 
999 f f |s 4bc8d18b-5ae5-3ca2-b07a-5609404d5c32  |i 67254638-f063-31b3-94e1-077381cfac0a  |t 0 
952 f f |a Texas A&M University  |b College Station  |c Electronic Resources  |d Available Online  |t 0  |e QA402.5 .A475 2004eb  |h Library of Congress classification 
998 f f |a QA402.5 .A475 2004eb  |t 0  |l Available Online